[Event "WCO2014"]
[Site "Tromso"]
[Date "2014.08.03"]
[Round "2.23"]
[WhiteID "2400456"]
[White "Roy Ali"]
[BlackID "13502280"]
[Black "Nevioselaya Maria"]
[Result "0-1"]
[LiveChessVersion "1.4.3"]
[BlackElo "2032"]
[WhiteElo "1913"]

1. e4 {[%clk 1:30:57]} e5 {[%clk 1:30:56]} 2. Nf3 {[%clk 1:31:21]} Nc6
{[%clk 1:31:22]} 3. Bb5 {[%clk 1:31:45]} a6 {[%clk 1:31:48]} 4. Ba4
{[%clk 1:32:09]} Nf6 {[%clk 1:32:13]} 5. O-O {[%clk 1:32:33]} Be7
{[%clk 1:32:41]} 6. Re1 {[%clk 1:32:55]} b5 {[%clk 1:33:05]} 7. Bb3
{[%clk 1:33:21]} d6 {[%clk 1:33:31]} 8. c3 {[%clk 1:33:46]} O-O {[%clk 1:33:56]}
9. h3 {[%clk 1:34:14]} Nb8 {[%clk 1:34:18]} 10. d4 {[%clk 1:34:39]} Nbd7
{[%clk 1:34:28]} 11. Nbd2 {[%clk 1:35:03]} Bb7 {[%clk 1:34:48]} 12. Bc2
{[%clk 1:35:29]} Re8 {[%clk 1:35:03]} 13. a4 {[%clk 1:35:39]} c5 {[%clk 1:28:53]}
14. d5 {[%clk 1:35:58]} c4 {[%clk 1:28:49]} 15. Nf1 {[%clk 1:36:17]} Bf8
{[%clk 1:26:57]} 16. Ng3 {[%clk 1:36:22]} g6 {[%clk 1:26:57]} 17. Be3
{[%clk 1:32:10]} Nc5 {[%clk 1:25:05]} 18. Qd2 {[%clk 1:29:45]} Nfd7
{[%clk 1:15:07]} 19. Ra3 {[%clk 1:18:12]} Nb6 {[%clk 1:02:19]} 20. axb5
{[%clk 1:15:23]} axb5 {[%clk 1:02:44]} 21. Rea1 {[%clk 1:14:43]} Qc7
{[%clk 0:56:59]} 22. Qd1 {[%clk 1:03:46]} Nba4 {[%clk 0:51:09]} 23. Bxa4
{[%clk 1:00:34]} Nxa4 {[%clk 0:51:08]} 24. b4 {[%clk 0:48:32]} Ra6
{[%clk 0:40:27]} 25. Qc2 {[%clk 0:33:18]} Bg7 {[%clk 0:37:44]} 26. Rd1
{[%clk 0:31:03]} Rf8 {[%clk 0:36:46]} 27. Nh2 {[%clk 0:23:11]} Bc8
{[%clk 0:34:37]} 28. f3 {[%clk 0:22:08]} f5 {[%clk 0:33:07]} 29. Ne2
{[%clk 0:20:32]} Qe7 {[%clk 0:28:09]} 30. Raa1 {[%clk 0:18:42]} Bd7
{[%clk 0:23:36]} 31. Kh1 {[%clk 0:15:57]} Rfa8 {[%clk 0:22:10]} 32. Qd2
{[%clk 0:13:36]} f4 {[%clk 0:16:18]} 33. Bf2 {[%clk 0:13:38]} Bf6
{[%clk 0:14:44]} 34. Bg1 {[%clk 0:07:30]} h5 {[%clk 0:14:04]} 35. Nf1
{[%clk 0:07:01]} g5 {[%clk 0:13:41]} 36. g4 {[%clk 0:02:17]} fxg3 37. Nexg3
{[%clk 0:02:38]} Qh7 {[%clk 0:07:39]} 38. Be3 {[%clk 0:01:16]} Qg6
{[%clk 0:04:54]} 39. Kh2 {[%clk 0:01:09]} g4 {[%clk 0:04:41]} 40. hxg4
{[%clk 0:00:43]} hxg4 {[%clk 0:04:57]} 41. fxg4 {[%clk 0:26:31]} Qxg4
{[%clk 0:31:36]} 42. Rdc1 {[%clk 0:24:14]} Kf7 {[%clk 0:27:15]} 43. Qg2
{[%clk 0:21:09]} Rg8 {[%clk 0:25:52]} 44. Rc2 {[%clk 0:20:18]} Qh4+
{[%clk 0:25:20]} 45. Kg1 {[%clk 0:20:27]} Bh3 {[%clk 0:25:08]} 46. Qh2
{[%clk 0:16:08]} Bxf1 {[%clk 0:24:27]} 47. Qxh4 {[%clk 0:16:26]} Bxh4
{[%clk 0:24:51]} 48. Rxf1+ {[%clk 0:16:48]} Ke7 {[%clk 0:22:28]} 49. Rcf2
{[%clk 0:10:28]} Rxg3+ {[%clk 0:21:48]} 50. Kh2 {[%clk 0:10:49]} Rg7
{[%clk 0:20:45]} 51. Rf8 {[%clk 0:09:55]} Bg3+ {[%clk 0:17:42]} 52. Kh3
{[%clk 0:09:43]} Bf4 {[%clk 0:17:41]} 53. Rb8 {[%clk 0:05:34]} Rg3+
{[%clk 0:17:32]} 54. Kh4 {[%clk 0:06:01]} Rxe3 {[%clk 0:17:31]} 55. Rg1
{[%clk 0:06:17]} Bg3+ {[%clk 0:16:03]} 0-1

[Event "WCO2014"]
[Site "Tromso"]
[Date "2014.08.03"]
[Round "2.24"]
[WhiteID "13500015"]
[White "Kaliadzich Maryia"]
[BlackID "2403501"]
[Black "Durno Joy"]
[Result "1-0"]
[LiveChessVersion "1.4.3"]
[BlackElo "1862"]
[WhiteElo "2020"]

1. d4 {[%clk 1:30:52]} c5 {[%clk 1:30:53]} 2. e3 {[%clk 1:30:42]} Nf6
{[%clk 1:31:05]} 3. c4 {[%clk 1:30:51]} e6 {[%clk 1:27:35]} 4. Nc3
{[%clk 1:29:34]} d5 {[%clk 1:26:09]} 5. Nf3 {[%clk 1:29:11]} Nc6 {[%clk 1:24:03]}
6. a3 {[%clk 1:28:32]} Be7 {[%clk 1:16:51]} 7. dxc5 {[%clk 1:24:46]} dxc4
{[%clk 1:13:22]} 8. Qxd8+ {[%clk 1:22:10]} Nxd8 {[%clk 1:13:42]} 9. Bxc4
{[%clk 1:19:46]} Bxc5 {[%clk 1:13:39]} 10. b4 {[%clk 1:19:24]} Bd6
{[%clk 1:08:45]} 11. O-O {[%clk 1:15:12]} O-O {[%clk 1:06:17]} 12. Rd1
{[%clk 1:14:56]} Bb8 {[%clk 1:01:32]} 13. Bb2 {[%clk 1:03:20]} Nc6
{[%clk 0:50:01]} 14. Rac1 {[%clk 0:58:01]} a6 {[%clk 0:43:32]} 15. Bb3
{[%clk 0:52:35]} e5 {[%clk 0:40:01]} 16. Na4 {[%clk 0:43:13]} Bg4
{[%clk 0:31:31]} 17. h3 {[%clk 0:40:59]} Bxf3 {[%clk 0:31:10]} 18. gxf3
{[%clk 0:41:24]} Ba7 {[%clk 0:30:05]} 19. Nc5 {[%clk 0:37:30]} Rab8
{[%clk 0:28:31]} 20. Nxa6 {[%clk 0:36:02]} Rbd8 {[%clk 0:27:34]} 21. Nc5
{[%clk 0:34:45]} Rxd1+ {[%clk 0:26:09]} 22. Rxd1 {[%clk 0:34:57]} Bxc5
{[%clk 0:26:01]} 23. bxc5 {[%clk 0:35:21]} Re8 {[%clk 0:23:39]} 24. Ba4
{[%clk 0:33:39]} e4 {[%clk 0:21:52]} 25. f4 {[%clk 0:29:22]} Rd8 {[%clk 0:21:43]}
26. Rxd8+ {[%clk 0:26:02]} Nxd8 {[%clk 0:22:12]} 27. Bxf6 {[%clk 0:26:03]} gxf6
{[%clk 0:22:39]} 28. f5 {[%clk 0:26:22]} Kg7 {[%clk 0:22:21]} 29. Bc2
{[%clk 0:26:37]} 1-0

[Event "WCO2014"]
[Site "Tromso"]
[Date "2014.08.03"]
[Round "2.44"]
[WhiteID "5105994"]
[White "Garcia Morales Ivette"]
[BlackID "1308521"]
[Black "Seps Monika"]
[Result "0-1"]
[LiveChessVersion "1.4.3"]
[BlackElo "2236"]
[WhiteElo "2113"]

1. d4 {[%clk 1:30:56]} Nf6 {[%clk 1:30:55]} 2. Bg5 {[%clk 1:31:19]} d5
{[%clk 1:31:13]} 3. Bxf6 {[%clk 1:31:43]} exf6 {[%clk 1:31:38]} 4. e3
{[%clk 1:32:09]} Bd6 {[%clk 1:31:11]} 5. Bd3 {[%clk 1:32:25]} c6 {[%clk 1:27:33]}
6. Nd2 {[%clk 1:32:28]} O-O {[%clk 1:25:23]} 7. Qf3 {[%clk 1:32:17]} Nd7
{[%clk 1:18:14]} 8. Ne2 {[%clk 1:29:57]} Re8 {[%clk 1:16:18]} 9. h4
{[%clk 1:18:45]} Nf8 {[%clk 1:07:25]} 10. O-O-O {[%clk 1:12:30]} Qd7
{[%clk 0:48:40]} 11. e4 {[%clk 1:01:04]} dxe4 {[%clk 0:48:06]} 12. Nxe4
{[%clk 1:00:31]} Bc7 {[%clk 0:42:38]} 13. g4 {[%clk 0:50:53]} Qd5
{[%clk 0:32:14]} 14. c4 {[%clk 0:33:20]} Qa5 {[%clk 0:29:42]} 15. Kb1
{[%clk 0:23:17]} Be6 {[%clk 0:24:30]} 16. N2c3 {[%clk 0:18:06]} b5
{[%clk 0:16:32]} 17. cxb5 {[%clk 0:11:26]} cxb5 {[%clk 0:13:44]} 18. d5 Bd7 19.
d6 {[%clk 0:11:15]} Bd8 {[%clk 0:11:01]} 20. Nd5 {[%clk 0:10:46]} Rc8
{[%clk 0:09:40]} 21. Rc1 {[%clk 0:07:30]} Rxc1+ {[%clk 0:09:51]} 22. Rxc1
{[%clk 0:07:44]} Ng6 {[%clk 0:08:29]} 23. Qg3 {[%clk 0:02:50]} Be6
{[%clk 0:07:33]} 24. d7 {[%clk 0:01:43]} Bxd7 {[%clk 0:06:40]} 25. b4
{[%clk 0:01:46]} Qa6 {[%clk 0:05:20]} 26. Nc7 {[%clk 0:00:54]} Bxc7
{[%clk 0:05:35]} 27. Qxc7 {[%clk 0:00:58]} Be6 {[%clk 0:04:10]} 28. Nc3
{[%clk 0:01:13]} Rc8 {[%clk 0:03:16]} 29. Bxb5 {[%clk 0:01:00]} Qa3
{[%clk 0:02:08]} 30. Qg3 {[%clk 0:00:42]} Qxb4+ {[%clk 0:02:17]} 31. Ka1
{[%clk 0:01:06]} Bxg4 {[%clk 0:00:40]} 32. f3 {[%clk 0:00:48]} Be6
{[%clk 0:00:53]} 33. Qe1 {[%clk 0:00:47]} Ne5 {[%clk 0:01:00]} 34. f4
{[%clk 0:00:55]} Qxf4 {[%clk 0:01:18]} 35. a3 {[%clk 0:00:43]} h5
{[%clk 0:01:25]} 36. Kb2 {[%clk 0:00:35]} Nf3 {[%clk 0:01:30]} 37. Qf1
{[%clk 0:00:49]} Rb8 {[%clk 0:01:02]} 38. Ka1 {[%clk 0:01:13]} Qd6
{[%clk 0:00:42]} 39. Kb2 {[%clk 0:00:36]} Nd4 {[%clk 0:00:59]} 40. Rd1
{[%clk 0:00:46]} Qe5 0-1

[Event "WCO2014"]
[Site "Tromso"]
[Date "2014.08.03"]
[Round "2.43"]
[WhiteID "4612434"]
[White "Heinatz Gundula"]
[BlackID "5104297"]
[Black "Guerrero Rodriguez Alejandra"]
[Result "1-0"]
[LiveChessVersion "1.4.3"]
[BlackElo "2089"]
[WhiteElo "2169"]

1. d4 {[%clk 1:30:56]} e6 {[%clk 1:30:49]} 2. Nf3 {[%clk 1:31:17]} c5
{[%clk 1:30:58]} 3. g3 {[%clk 1:27:00]} b5 {[%clk 1:30:54]} 4. e4
{[%clk 1:17:17]} Bb7 {[%clk 1:26:12]} 5. Nbd2 {[%clk 1:14:55]} Qb6
{[%clk 1:20:38]} 6. a4 {[%clk 1:08:13]} cxd4 {[%clk 1:02:55]} 7. axb5
{[%clk 1:08:07]} Nf6 {[%clk 0:49:38]} 8. Bd3 {[%clk 1:04:38]} d5 {[%clk 0:47:56]}
9. e5 {[%clk 1:01:05]} Ne4 {[%clk 0:46:44]} 10. Qe2 {[%clk 0:57:56]} Bb4
{[%clk 0:41:20]} 11. O-O {[%clk 0:57:28]} Nxd2 {[%clk 0:38:28]} 12. Bxd2
{[%clk 0:57:50]} Bxd2 {[%clk 0:38:15]} 13. Qxd2 {[%clk 0:58:14]} O-O
{[%clk 0:36:05]} 14. Qf4 {[%clk 0:44:29]} Nd7 {[%clk 0:27:59]} 15. Rfe1
{[%clk 0:43:24]} f6 {[%clk 0:26:56]} 16. Qh4 {[%clk 0:40:29]} h6 {[%clk 0:19:43]}
17. Ra4 {[%clk 0:29:51]} Nc5 {[%clk 0:17:07]} 18. Rxd4 {[%clk 0:28:57]} Nxd3
{[%clk 0:16:46]} 19. Rxd3 {[%clk 0:27:54]} fxe5 {[%clk 0:12:49]} 20. Rxe5
{[%clk 0:28:06]} Qxb5 {[%clk 0:12:24]} 21. b3 {[%clk 0:23:05]} Rf6
{[%clk 0:06:51]} 22. Nd4 {[%clk 0:17:56]} Qa5 {[%clk 0:06:07]} 23. Rd1
{[%clk 0:15:43]} Raf8 {[%clk 0:05:28]} 24. f4 {[%clk 0:15:55]} Qb6
{[%clk 0:05:40]} 25. Qg4 {[%clk 0:15:32]} Rc8 {[%clk 0:04:19]} 26. Qe2
{[%clk 0:10:57]} Rc3 {[%clk 0:02:57]} 27. Re3 {[%clk 0:10:16]} Rc8
{[%clk 0:02:03]} 28. Qe1 {[%clk 0:08:50]} Ba6 {[%clk 0:01:48]} 29. Kg2
{[%clk 0:06:48]} g5 {[%clk 0:01:44]} 30. Rc3 {[%clk 0:04:08]} Rxc3
{[%clk 0:01:27]} 31. Qxc3 {[%clk 0:04:36]} gxf4 {[%clk 0:01:48]} 32. gxf4
{[%clk 0:03:15]} e5 {[%clk 0:01:48]} 33. fxe5 {[%clk 0:03:25]} Rg6+
{[%clk 0:02:16]} 34. Kh1 {[%clk 0:03:45]} Qb8 {[%clk 0:01:14]} 35. Qe3
{[%clk 0:03:18]} Qe8 {[%clk 0:01:06]} 36. Rg1 {[%clk 0:03:01]} Kh7
{[%clk 0:01:26]} 37. Rxg6 {[%clk 0:03:08]} Qxg6 {[%clk 0:01:54]} 38. Qf4
{[%clk 0:01:46]} Bc8 {[%clk 0:02:05]} 39. Nf3 {[%clk 0:00:50]} Bf5
{[%clk 0:02:16]} 40. Qg3 {[%clk 0:00:51]} Bxc2 {[%clk 0:02:24]} 41. Qxg6+
{[%clk 0:00:34]} Kxg6 {[%clk 0:02:52]} 42. Nd4 {[%clk 0:00:38]} Bd3
{[%clk 0:01:35]} 43. Kg2 {[%clk 0:00:37]} Kg5 {[%clk 0:01:19]} 44. Kg3
{[%clk 0:00:44]} h5 {[%clk 0:00:32]} 45. h4+ {[%clk 0:00:43]} Kg6
{[%clk 0:00:45]} 46. Kf4 {[%clk 0:00:48]} Be4 {[%clk 0:30:41]} 47. Nc6
{[%clk 0:27:01]} Bg2 {[%clk 0:15:47]} 48. b4 {[%clk 0:27:00]} a6 {[%clk 0:15:27]}
49. Nd4 {[%clk 0:18:41]} Bf1 {[%clk 0:11:19]} 50. Nf5 {[%clk 0:13:54]} Bg2
{[%clk 0:09:43]} 51. Ne7+ {[%clk 0:12:00]} Kf7 {[%clk 0:09:30]} 52. Nc6
{[%clk 0:12:23]} Ke6 {[%clk 0:08:17]} 53. Nd4+ {[%clk 0:12:37]} Kf7
{[%clk 0:06:02]} 54. Kg5 {[%clk 0:13:01]} Be4 {[%clk 0:04:41]} 55. Kxh5
{[%clk 0:13:25]} Bh7 {[%clk 0:04:18]} 56. Kg5 {[%clk 0:13:48]} Be4
{[%clk 0:03:50]} 57. h5 {[%clk 0:13:04]} Bh7 {[%clk 0:04:02]} 58. Kf4
{[%clk 0:11:29]} Ke7 {[%clk 0:03:09]} 59. Nf3 {[%clk 0:10:43]} Bd3
{[%clk 0:01:39]} 60. Ng5 {[%clk 0:10:51]} Be2 {[%clk 0:01:16]} 61. h6
{[%clk 0:10:59]} Kf8 {[%clk 0:01:44]} 62. Ke3 {[%clk 0:09:18]} Bb5
{[%clk 0:02:08]} 63. Kd4 {[%clk 0:09:40]} Bc4 {[%clk 0:01:09]} 64. e6
{[%clk 0:08:55]} 1-0

[Event "WCO2014"]
[Site "Tromso"]
[Date "2014.08.03"]
[Round "2.42"]
[WhiteID "5104106"]
[White "Real Pereyra Diana Carime"]
[BlackID "1305620"]
[Black "De Seroux Camille"]
[Result "0-1"]
[LiveChessVersion "1.4.3"]
[BlackElo "2129"]
[WhiteElo "2061"]

1. d4 {[%clk 1:30:56]} Nf6 {[%clk 1:30:54]} 2. c4 {[%clk 1:31:17]} g6
{[%clk 1:31:18]} 3. Nc3 {[%clk 1:31:43]} Bg7 {[%clk 1:31:42]} 4. e4
{[%clk 1:32:10]} d6 {[%clk 1:32:04]} 5. Be2 {[%clk 1:32:36]} O-O {[%clk 1:32:09]}
6. Bg5 {[%clk 1:32:56]} c5 {[%clk 1:27:31]} 7. d5 {[%clk 1:33:00]} e6
{[%clk 1:24:22]} 8. Qd2 {[%clk 1:27:51]} exd5 {[%clk 1:23:17]} 9. exd5
{[%clk 1:28:03]} a6 {[%clk 1:19:51]} 10. a4 {[%clk 1:25:20]} Qa5 {[%clk 1:17:51]}
11. Nf3 {[%clk 1:23:06]} Bg4 {[%clk 1:07:17]} 12. h3 {[%clk 1:21:20]} Bxf3
{[%clk 1:04:38]} 13. Bxf3 {[%clk 1:21:43]} Re8+ {[%clk 1:02:44]} 14. Be3
{[%clk 1:18:50]} Nbd7 {[%clk 1:00:12]} 15. O-O {[%clk 1:17:58]} Ne5
{[%clk 0:57:57]} 16. Be2 {[%clk 1:13:28]} Qb4 {[%clk 0:53:23]} 17. b3
{[%clk 1:11:26]} Nfd7 {[%clk 0:40:11]} 18. Rfc1 {[%clk 1:03:39]} Qa5
{[%clk 0:38:14]} 19. f4 {[%clk 1:01:26]} Nxc4 {[%clk 0:33:07]} 20. bxc4
{[%clk 0:46:10]} Rxe3 {[%clk 0:33:21]} 21. Bd3 {[%clk 0:44:55]} Rae8
{[%clk 0:31:01]} 22. Rab1 {[%clk 0:32:51]} Nb6 {[%clk 0:22:57]} 23. Qc2
{[%clk 0:29:55]} Nxc4 {[%clk 0:12:39]} 24. Bxc4 {[%clk 0:25:57]} Rxc3
{[%clk 0:12:55]} 25. Qa2 {[%clk 0:25:20]} Bd4+ {[%clk 0:06:36]} 26. Kh2
{[%clk 0:25:35]} Rxc1 {[%clk 0:05:40]} 27. Rxc1 {[%clk 0:26:02]} Be3
{[%clk 0:05:22]} 28. Rf1 {[%clk 0:25:25]} Re4 {[%clk 0:03:16]} 29. Qc2
{[%clk 0:20:46]} Rxf4 {[%clk 0:02:49]} 30. Rxf4 {[%clk 0:20:41]} Bxf4+
{[%clk 0:03:13]} 31. g3 {[%clk 0:21:09]} Be5 {[%clk 0:02:58]} 32. Kg2
{[%clk 0:19:27]} b5 {[%clk 0:01:49]} 33. Be2 {[%clk 0:17:48]} Qe1
{[%clk 0:00:53]} 34. Qd3 {[%clk 0:17:49]} c4 {[%clk 0:00:59]} 35. Qf3
{[%clk 0:17:35]} c3 {[%clk 0:01:02]} 0-1

[Event "WCO2014"]
[Site "Tromso"]
[Date "2014.08.03"]
[Round "2.41"]
[WhiteID "1304313"]
[White "Stoeri Laura"]
[BlackID "5104084"]
[Black "Duran Juarez Citlali"]
[Result "0-1"]
[LiveChessVersion "1.4.3"]
[BlackElo "1982"]
[WhiteElo "2123"]

1. e4 {[%clk 1:30:58]} e5 {[%clk 1:30:50]} 2. Nf3 {[%clk 1:31:23]} Nc6
{[%clk 1:31:15]} 3. Bb5 {[%clk 1:31:48]} Bc5 {[%clk 1:31:33]} 4. O-O
{[%clk 1:30:59]} Qf6 {[%clk 1:31:46]} 5. Nc3 {[%clk 1:24:29]} Nge7
{[%clk 1:31:32]} 6. d3 {[%clk 1:17:37]} h6 {[%clk 1:29:35]} 7. Qe2
{[%clk 1:01:15]} O-O {[%clk 1:25:03]} 8. Bxc6 {[%clk 0:54:20]} dxc6
{[%clk 1:24:15]} 9. Be3 {[%clk 0:54:45]} Bd6 {[%clk 1:18:08]} 10. h3
{[%clk 0:43:40]} Ng6 {[%clk 1:11:50]} 11. Nh2 {[%clk 0:43:00]} Be6
{[%clk 1:01:59]} 12. Rad1 {[%clk 0:40:01]} Rad8 {[%clk 0:57:43]} 13. Kh1
{[%clk 0:29:29]} Qh4 {[%clk 0:46:17]} 14. d4 {[%clk 0:23:47]} exd4
{[%clk 0:39:50]} 15. Bxd4 {[%clk 0:21:46]} Nf4 {[%clk 0:30:02]} 16. Qf3
{[%clk 0:19:50]} Nxh3 {[%clk 0:27:26]} 17. g3 {[%clk 0:02:04]} Qe7
{[%clk 0:25:34]} 18. Qh5 {[%clk 0:01:56]} Qg5 {[%clk 0:18:32]} 19. Qe2
{[%clk 0:01:52]} Rfe8 {[%clk 0:14:06]} 20. f4 {[%clk 0:02:11]} Qxg3
{[%clk 0:13:12]} 21. Rg1 {[%clk 0:00:39]} Nxg1 {[%clk 0:10:36]} 22. Rxg1 Qxf4
{[%clk 0:09:14]} 23. Bxg7 {[%clk 0:01:35]} Qxh2+ {[%clk 0:07:45]} 24. Qxh2
{[%clk 0:02:03]} Bxh2 {[%clk 0:08:07]} 25. Kxh2 {[%clk 0:02:12]} Rd2+
{[%clk 0:08:00]} 26. Kh1 {[%clk 0:02:24]} Kh7 {[%clk 0:07:56]} 27. Be5
{[%clk 0:00:42]} Rg8 {[%clk 0:07:41]} 0-1

[Event "WCO2014"]
[Site "Tromso"]
[Date "2014.08.03"]
[Round "2.17"]
[WhiteID "5201829"]
[White "Camacho Chardine Cheradee"]
[BlackID "14100754"]
[Black "Baklanova Tatiana"]
[Result "1-0"]
[LiveChessVersion "1.4.3"]
[BlackElo "2229"]
[WhiteElo "2214"]

1. e4 {[%clk 1:30:56]} e6 {[%clk 1:30:56]} 2. d4 {[%clk 1:31:18]} d5
{[%clk 1:31:24]} 3. Nc3 {[%clk 1:31:41]} Bb4 {[%clk 1:31:50]} 4. e5
{[%clk 1:32:05]} c5 {[%clk 1:32:18]} 5. Bd2 {[%clk 1:32:30]} Ne7 {[%clk 1:32:34]}
6. a3 {[%clk 1:29:52]} Bxc3 {[%clk 1:27:51]} 7. Bxc3 {[%clk 1:30:15]} cxd4
{[%clk 1:28:04]} 8. Qxd4 {[%clk 1:30:32]} Nbc6 {[%clk 1:16:06]} 9. Qg4
{[%clk 1:30:39]} Nf5 {[%clk 1:16:28]} 10. Nf3 {[%clk 1:27:55]} h5
{[%clk 1:09:02]} 11. Qf4 {[%clk 1:24:49]} Qb6 {[%clk 1:06:06]} 12. Rd1
{[%clk 1:19:35]} Bd7 {[%clk 0:58:03]} 13. b4 {[%clk 1:13:11]} Rc8
{[%clk 0:46:15]} 14. Bd3 {[%clk 1:05:29]} Nce7 {[%clk 0:45:11]} 15. Bd4
{[%clk 0:56:48]} Nxd4 {[%clk 0:36:52]} 16. Nxd4 {[%clk 0:56:28]} Rc3
{[%clk 0:32:16]} 17. Nb3 {[%clk 0:48:57]} Ba4 {[%clk 0:24:33]} 18. Rb1
{[%clk 0:32:23]} Bxb3 {[%clk 0:22:46]} 19. Rxb3 {[%clk 0:32:27]} Rxb3
{[%clk 0:23:12]} 20. cxb3 {[%clk 0:32:51]} Nc6 {[%clk 0:23:25]} 21. O-O
{[%clk 0:20:22]} Qd4 {[%clk 0:23:14]} 22. Qd2 {[%clk 0:19:10]} Qxe5
{[%clk 0:21:50]} 23. b5 {[%clk 0:19:10]} Ne7 {[%clk 0:19:43]} 24. Qb4
{[%clk 0:18:43]} b6 {[%clk 0:18:18]} 25. a4 {[%clk 0:11:29]} Kd7 {[%clk 0:17:35]}
26. a5 {[%clk 0:09:55]} Rc8 {[%clk 0:17:14]} 27. axb6 {[%clk 0:07:47]} axb6
{[%clk 0:17:39]} 28. Rd1 {[%clk 0:07:11]} g6 {[%clk 0:16:34]} 29. Qa4
{[%clk 0:06:21]} Rc5 {[%clk 0:13:49]} 30. Bf1 {[%clk 0:05:33]} Nc8
{[%clk 0:13:20]} 31. Qb4 {[%clk 0:04:31]} Nd6 {[%clk 0:11:27]} 32. Qa4
{[%clk 0:04:30]} Ne4 {[%clk 0:10:49]} 33. b4 {[%clk 0:02:14]} Nc3
{[%clk 0:04:44]} 34. Qa1 {[%clk 0:01:38]} Rc7 {[%clk 0:05:11]} 35. Re1
{[%clk 0:01:27]} Qd4 {[%clk 0:05:12]} 36. Qb2 {[%clk 0:01:31]} Kd6
{[%clk 0:04:03]} 37. Qa3 {[%clk 0:01:26]} Ne4 {[%clk 0:03:57]} 38. Re2
{[%clk 0:01:31]} Kd7 {[%clk 0:03:15]} 39. g3 {[%clk 0:01:31]} Nd2
{[%clk 0:03:06]} 40. Bh3 {[%clk 0:01:23]} Kd6 {[%clk 0:03:08]} 41. Qa8
{[%clk 0:00:56]} Ke7 {[%clk 0:02:54]} 42. Qa3 {[%clk 0:21:05]} Nc4
{[%clk 0:19:27]} 43. Qc1 {[%clk 0:17:03]} Qf6 {[%clk 0:10:46]} 44. Ra2
{[%clk 0:16:49]} Qe5 {[%clk 0:09:12]} 45. Ra8 {[%clk 0:14:52]} g5
{[%clk 0:08:33]} 46. Bf1 {[%clk 0:12:36]} Nb2 {[%clk 0:07:30]} 47. Qb1
{[%clk 0:09:38]} h4 {[%clk 0:05:53]} 48. Qh7 {[%clk 0:08:52]} hxg3
{[%clk 0:03:33]} 49. hxg3 {[%clk 0:09:12]} Qf6 {[%clk 0:02:54]} 50. Qg8
{[%clk 0:08:49]} Kd6 {[%clk 0:03:20]} 51. Qb8 {[%clk 0:07:37]} Nc4
{[%clk 0:03:33]} 52. Ra7 {[%clk 0:07:21]} Qe7 {[%clk 0:02:38]} 53. Bxc4
{[%clk 0:07:30]} dxc4 {[%clk 0:02:49]} 54. Qxb6+ {[%clk 0:07:53]} Kd5 1-0

[Event "WCO2014"]
[Site "Tromso"]
[Date "2014.08.03"]
[Round "2.18"]
[WhiteID "24622788"]
[White "Mucha Annegret"]
[BlackID "5212499"]
[Black "Frayna Janelle Mae"]
[Result "0-1"]
[LiveChessVersion "1.4.3"]
[BlackElo "2205"]
[WhiteElo "2008"]

1. e4 {[%clk 1:30:57]} e5 {[%clk 1:30:41]} 2. Nf3 {[%clk 1:31:02]} Nc6
{[%clk 1:31:04]} 3. Bc4 {[%clk 1:31:04]} Bc5 {[%clk 1:31:16]} 4. O-O
{[%clk 1:29:05]} Nf6 {[%clk 1:31:40]} 5. d3 {[%clk 1:28:42]} O-O {[%clk 1:31:30]}
6. c3 {[%clk 1:27:54]} d5 {[%clk 1:31:24]} 7. exd5 {[%clk 1:17:54]} Nxd5
{[%clk 1:31:45]} 8. b4 {[%clk 1:09:29]} Be7 {[%clk 1:32:09]} 9. Bb2
{[%clk 1:01:45]} a6 {[%clk 1:11:23]} 10. a4 {[%clk 0:50:51]} Bf6 {[%clk 0:59:46]}
11. Nbd2 {[%clk 0:43:50]} Nb6 {[%clk 0:59:45]} 12. Qe2 {[%clk 0:33:43]} Nxc4
{[%clk 0:59:21]} 13. Nxc4 {[%clk 0:33:43]} Bg4 {[%clk 0:58:49]} 14. Ncd2
{[%clk 0:21:03]} Qd7 {[%clk 0:53:46]} 15. Ne4 {[%clk 0:19:52]} Be7
{[%clk 0:53:55]} 16. h3 {[%clk 0:17:37]} Bxf3 {[%clk 0:53:39]} 17. Qxf3
{[%clk 0:17:33]} f5 {[%clk 0:54:05]} 18. Ng3 {[%clk 0:14:56]} Rad8
{[%clk 0:49:24]} 19. Rfd1 {[%clk 0:13:08]} b5 {[%clk 0:38:41]} 20. axb5
{[%clk 0:10:56]} axb5 {[%clk 0:39:03]} 21. Qe2 {[%clk 0:09:47]} Bh4
{[%clk 0:33:58]} 22. Nf1 {[%clk 0:08:37]} Bf6 {[%clk 0:34:20]} 23. Qc2
{[%clk 0:07:36]} Ra8 {[%clk 0:30:45]} 24. Rxa8 {[%clk 0:04:00]} Rxa8
{[%clk 0:31:10]} 25. Ra1 {[%clk 0:03:43]} Rxa1 {[%clk 0:30:55]} 26. Bxa1
{[%clk 0:04:08]} Qe6 {[%clk 0:30:55]} 27. Nd2 {[%clk 0:03:42]} g6
{[%clk 0:29:03]} 28. Qb3 {[%clk 0:02:06]} Qxb3 {[%clk 0:28:50]} 29. Nxb3
{[%clk 0:02:31]} Kf7 {[%clk 0:28:38]} 30. Kf1 {[%clk 0:02:48]} Ke6
{[%clk 0:28:48]} 31. Ke2 {[%clk 0:03:00]} Kd5 {[%clk 0:28:54]} 32. Nd2
{[%clk 0:02:31]} Kd6 {[%clk 0:23:01]} 33. Kd1 {[%clk 0:01:49]} e4
{[%clk 0:20:17]} 34. dxe4 {[%clk 0:01:34]} Nxb4 {[%clk 0:20:46]} 35. exf5
{[%clk 0:00:51]} gxf5 {[%clk 0:21:12]} 36. Nb3 {[%clk 0:00:32]} Nd5
{[%clk 0:21:09]} 37. Kc2 {[%clk 0:00:56]} Nf4 {[%clk 0:21:01]} 38. g4
{[%clk 0:00:48]} Nxh3 {[%clk 0:19:29]} 39. gxf5 {[%clk 0:00:47]} Nxf2
{[%clk 0:19:11]} 40. Bb2 {[%clk 0:00:38]} c5 {[%clk 0:13:46]} 41. Nd2
{[%clk 0:21:23]} h5 {[%clk 0:44:04]} 42. Nf3 {[%clk 0:19:15]} Ne4
{[%clk 0:43:50]} 43. Ng1 {[%clk 0:10:53]} c4 {[%clk 0:29:47]} 44. Ne2
{[%clk 0:07:58]} h4 {[%clk 0:30:10]} 45. Bc1 {[%clk 0:07:18]} h3 {[%clk 0:26:24]}
46. Ng1 {[%clk 0:04:27]} Nf2 {[%clk 0:23:25]} 47. Be3 {[%clk 0:03:35]} Ne4
{[%clk 0:20:11]} 48. Nxh3 {[%clk 0:03:05]} Nxc3 {[%clk 0:20:21]} 49. Nf2
{[%clk 0:02:52]} b4 {[%clk 0:17:59]} 50. Ng4 {[%clk 0:00:43]} b3+
{[%clk 0:18:22]} 51. Kc1 {[%clk 0:00:46]} Be7 {[%clk 0:11:24]} 52. f6
{[%clk 0:00:53]} Bf8 {[%clk 0:11:50]} 53. Bd2 {[%clk 0:00:41]} Nd5
{[%clk 0:11:54]} 54. Ne3 {[%clk 0:00:34]} Nxe3 {[%clk 0:09:48]} 55. Bxe3
{[%clk 0:01:03]} Ke5 {[%clk 0:10:05]} 56. Kb2 {[%clk 0:00:54]} Kxf6
{[%clk 0:10:33]} 57. Kc3 {[%clk 0:01:04]} Ke6 {[%clk 0:11:01]} 58. Bc1
{[%clk 0:00:35]} Kd5 {[%clk 0:11:27]} 59. Kb2 {[%clk 0:00:35]} Bg7+
{[%clk 0:11:37]} 60. Kb1 {[%clk 0:00:35]} Ke4 {[%clk 0:12:03]} 61. Bd2
{[%clk 0:00:35]} Ke5 0-1